Statystyki dla Piłka nożna quiz #60 - Kluby w LaLiga sezon 2023/24

Kliknij tutaj aby rozwiązać quiz!

Ogólne statystyki

  • Ten quiz został rozwiązany 217 razy
  • Średni wynik to 14 z 20

Statystyki odpowiedzi

Klub% Poprawnych
Barcelona FC
99%
Real Madryt
99%
Atletico Madryt
98%
Girona FC
87%
Athletic Bilbao
86%
Sevilla FC
85%
Betis Sevilla
80%
Valencia CF
78%
Real Sociedad
74%
Villarreal CF
70%
Mallorca
67%
Granada CF
65%
Cadiz CF
64%
Almeria
63%
UD Las Palmas
57%
Getafe CF
54%
Celta Vigo
53%
Deportivo Alaves
50%
Rayo Vallecano
49%
Osasuna
42%

Rozkład punktacji

Percentyl według liczby udzielonych odpowiedzi

Procent ludzi z każdym wynikiem

Twoja historia wyników

Nie rozwiązałeś tego quizu